LEADER 01103nam 2200373 450 001 9910317621103321 005 20221017085547.0 010 $a953-51-6915-7 035 $a(CKB)4970000000097873 035 $a(NjHacI)994970000000097873 035 $a(EXLCZ)994970000000097873 100 $a20221017d2012 uy 0 101 0 $aeng 135 $aur||||||||||| 181 $ctxt$2rdacontent 182 $cc$2rdamedia 183 $acr$2rdacarrier 200 00$aEpidural Analgesia $eCurrent Views and Approaches /$fedited by Sotonye Fyneface-Ogan 210 1$aRijeka :$cIntechOpen,$d2012. 210 4$dŠ2012 215 $a1 online resource (xi, 176 pages) $cillustrations (some color) 311 $a953-51-0332-6 320 $aIncludes bibliographical references. 517 $aEpidural Analgesia 606 $aPeridural anesthesia 615 0$aPeridural anesthesia. 676 $a617.964 702 $aFyneface-Ogan$b Sotonye 801 0$bNjHacI 801 1$bNjHacl 906 $aBOOK 912 $a9910317621103321 996 $aEpidural Analgesia$92953374 997 $aUNINA LEADER 01195nam0 22002891i 450 001 UON00250867 005 20231205103628.922 100 $a20040308g19291939 |0itac50 ba 101 $aita 102 $aIT 105 $a||||0 ||||| 200 1 $aˆLe ‰Opere di Galileo Galilei$eristampa della edizione nazionale sotto l'alto patronato di S.M. il re d'Italia e di S.E. Benito Mussolini 210 $aFirenze$cBarbčra$d1929-1939 215 $a20 v. in 21, tav.$cill.$d29 cm 606 $aAstronomia$3UONC004663$2FI 606 $aFisica$3UONC045940$2FI 620 $aIT$dFirenze$3UONL000052 676 $a509.2$cSCIENZE NATURALI E MATEMATICA. Biografia$v21 700 1$aGALILEI$bGalileo$3UONV137148$04160 712 $aBarbčra$3UONV251861$4650 801 $aIT$bSOL$c20260313$gRICA 899 $aSIBA - SISTEMA BIBLIOTECARIO DI ATENEO E ARCHIVIO STORICO$2UONSI 912 $aUON00250867 950 $aSIBA - SISTEMA BIBLIOTECARIO DI ATENEO E ARCHIVIO STORICO$dSI ITA O.C GAL 1-21 $eSI MR 14205 7 1-21 966 $aASTROLOGIA$yAstronomia$3UONC004682 996 $aOpere di Galileo Galilei$973661 997 $aUNIOR